Código de Propiedad Intelectual (Registro nro. 4343)
[ vista simple ]
| 000 -Cabecera | |
|---|---|
| Campo de control de longitud fija | 00604aam a2200241 4500 |
| 005 - Fecha y hora de la última transacción | |
| Campo de control | 20241205153455.0 |
| 008 - Elementos de longitud fija--Información general | |
| Campo de control de longitud fija | 150408b2009 xxu||||| |||| 00| 0 spa d |
| 020 ## - International Standard Book Number | |
| Número Internacional Estándar del Libro (ISBN) | 9789977311623 |
| 041 ## - Idioma | |
| Código de idioma | Español |
| 082 ## - Clasificación Decimal Dewey | |
| Número de clasificación | 346.048.2 C8374c |
| 100 ## - Entrada principal--Autor personal | |
| Nombre personal | Costa Rica. Leyes, decretos, etc. |
| 245 ## - Título propiamente dicho | |
| Título | Código de Propiedad Intelectual |
| 260 ## - Pie de imprenta | |
| Lugar de publicación, distribución, etc. | Costa Rica |
| 260 ## - Pie de imprenta | |
| Nombre del editor, distribuidor, etc. | Editorial Juricentro |
| 260 ## - Pie de imprenta | |
| Fecha de publicación, distribución, etc. | 2009 |
| 300 ## - Descripción física | |
| Extensión | 606 páginas |
| 650 ## - Materia general | |
| Temática (materia general) | COSTA RICA |
| 650 ## - Materia general | |
| Temática (materia general) | PROPIEDAD INTELECTUAL |
| 650 ## - Materia general | |
| Temática (materia general) | LEGISLACIÓN |
| 650 ## - Materia general | |
| Temática (materia general) | INVENCIONES |
| 650 ## - Materia general | |
| Temática (materia general) | PATENTES |
| 942 ## - Punto de acceso adicional KOHA | |
| Tipo de ítem KOHA | Libro |
| Fuente del sistema de clasificación o colocación | Dewey Decimal Classification |
| Signatura completa | Código de barras | Tipo de ítem |
|---|---|---|
| 346.048.2 C8374c | 13337 | Libro |
| 346.048.2 C8374c | 14136 | Libro |
| 346.048.2 C8374c | 21561 | Libro |
| 346.048.2 C8374c | 22516 | Libro |
| 346.048.2 C8374c | 22517 | Libro |